00486nam a2200169 a 4500001000400000003000900004008004100013040002800054082001600082100002700098245002200125260004400147300001400191490001600205500007300221650002200294661CO-ViMGA141112s2004 ck r 000 u spa d aCO-ViMGAbspacCO-ViMGA04a863.3 V353d1 aVelez de Guevara, Luis10aEl diablo cojuelo aSantafé de Bogotá : bNorma, c1994 a116, 58 p aCara y cruz aEncuadernado con A propósito de Luis Velez de Guevara y su obra. 14aNOVELA ESPAÑOLA